00381nam a2200157Ia 45000010006000000050017000060080041000230410008000640820021000721000025000932450048001182600009001663000032001756500008002076540008002151487520260306164946.0260306t1990||||xx |||||||||||||| ||spa|| aESP a519.5bF83E 1990 aFreund, John E.eAUT 0aEstadística matemática con aplicaciones c1990 axv, 622 páginas :c23 cm. aGEN aCMA